Informe anual 1990 / Bolsa de Barcelona
Descripción Física:
210 p. . il. ; 30 cm
Materias:
Borsa de Barcelona -- Memòries
MARC
| LEADER | 00000nam a2200000Ia 4500 | ||
|---|---|---|---|
| 001 | 9532 | ||
| 003 | BGR | ||
| 005 | 20260324175248.0 | ||
| 008 | 160829s1991 xx 000 0 cat d | ||
| 080 | |a M-1-155 | ||
| 110 | 2 | |a Borsa de Barcelona |9 70681 | |
| 245 | |a Informe anual 1990 / Bolsa de Barcelona | ||
| 260 | |a Barcelona : |b Departamentos de Información y Estudios de la Bolsa de Barcelona, |c 1991 | ||
| 300 | |a 210 p. . il. ; |c 30 cm | ||
| 650 | |a Borsa de Barcelona |x Memòries |9 23752 | ||
| 901 | |a Arxiu | ||
| 942 | |n 1 |2 udc |c MON | ||
| 952 | |0 0 |1 0 |4 0 |6 M1155 |7 1 |9 42836 |a Arxiu |b Arxiu |d 2016-12-01 |l 0 |o M-1-155 |p 9532 |r 2016-12-01 00:00:00 |w 2016-12-01 |y ARXIU | ||
| 999 | |c 45342 |d 45342 | ||